Penyembuhan semulajadi dengan herba

Bibliographic Details
Main Author: Noraida Arifin
Format: Book
Published: Pahang : PTS Millennia Sdn. Bhd , 2005
Subjects:

MARC

LEADER 00000cam a2200000 7i4500
001 0000003743
005 20110504.0
020 0 0 |a 9833372295 
090 0 0 |a 615.32109595   |b NOR 2005 
100 0 0 |a Noraida Arifin 
245 1 0 |a Penyembuhan semulajadi dengan herba   |c Noraida Arifin 
260 0 0 |a Pahang :   |b PTS Millennia Sdn. Bhd ,   |c 2005 
300 |a xi, 252 p. :   |b ill. ;   |c 23 cm. 
650 0 0 |a Herbs---Therapeutic use---Malaysia 
650 0 0 |a Medical plants---Malaysia 
999 |a 007284   |b Monograph   |c Open Shelf   |e Default branch